College teams of NFL Players - Statistics

General Stats
  • This quiz has been taken 2,383 times
  • The average score is 11 of 26
Answer Stats
Hint Answer % Correct
WR - Julio Jones, ATL Alabama
90%
QB - Eli Manning, NYG Mississippi
85%
TE - Rob Gronkowski, NE Arizona
74%
RB - Le'Veon Bell, PIT Michigan State
71%
QB - Ryan Tannehill, MIA Texas A&M
69%
TE - Jimmy Graham, NOR Miami
62%
RB - C.J. Spiller, BUF Clemson
58%
WR - Golden Tate, SEA Notre Dame
56%
WR - Antonio Brown, PIT Central Michigan
51%
TE - Jason Witten, DAL Tennessee
49%
WR - Dwayne Bowe, KC LSU
46%
RB - LeSean McCoy, PHI Pittsburgh
44%
RB - Chris Johnson, TEN East Carolina
37%
TE - Dallas Clark, BAL Iowa
37%
WR - Sidney Rice, SEA South Carolina
32%
WR - Torrey Smith, BAL Maryland
30%
WR - Steve Smith, CAR Utah
29%
RB - Doug Martin, TB Boise State
28%
RB - DeAngelo Williams, CAR Memphis
23%
WR - Victor Cruz, NYG Massachusetts
22%
WR - Marques Colston, NOR Hofstra
20%
WR - T.Y. Hilton Florida International
19%
WR - Greg Jennings, MIN Western Michigan
18%
WR - Miles Austin, DAL Monmouth
9%
WR - Vincent Jackson, TB Northern Colorado
6%
RB - Joique Bell, DET Wayne State
6%
No matching quizzes found
Score Distribution
Percent of People with Each Score
Percentile by Number Answered
Your Score History
You have not taken this quiz